000 01019nam0a2200313 4500
001 RU\NLR\bibl\24226
005 20260406121245.0
010 _a5-04-000411-7
_910000
021 _aRU
_b99-6657
_9323
035 _a(NLR Aleph) 000023611
090 _a111673
_c111673
100 _a19990423d1998 |||y0rusy50 ca
101 0 _arus
102 _aRU
105 _ay |||||||||
200 1 _aСмерть ради смерти
_e[Роман]
_fАлександра Маринина
210 _aМ.
_cЭКСМО-Пресс
_d1998
215 _a413 с.
_d20
225 1 _aДетектив глазами женщины
686 _aШ6(2=Р)75-446
700 1 _4070
_8rus
_7ca
_aМаринина
_bА. Б.
_gАлександра Борисовна
_f1957-
_3RU\NLR\auth\77515
_9110564
801 0 _aRU
_bNLR
_c19990423
_gPSBO
801 1 _aRU
_bNLR
_c19990423
830 _aАвт. по кн.
852 _aNLR
_j99-3/2302
942 _cBOOK
980 _aNB